Most Spoken Languages That Are Not A Primary Language in Any Nation - Statistics

General Stats
  • This quiz has been taken 67 times
  • The average score is 5 of 10
Answer Stats
Country Most Spoken In Language Number of Speakers % Correct
China Yue Chinese/Cantonese 71 Million
90%
India Tamil 66 Million
67%
India Gujarati 46 Million
63%
India Marathi 68 Million
63%
India & Pakistan Urdu 60 Million
63%
India Telugu 75 Million
62%
India Malayalam 35 Million
43%
China Wu Chinese 77 Million
24%
China Min Nan Chinese 45 Million
14%
China Xiang Chinese 36 Million
14%
No matching quizzes found
Score Distribution
Percent of People with Each Score
Percentile by Number Answered
Your Score History
You have not taken this quiz